Cyclisme : Top 20 du Contre la Montre des Championnats d'Europe 2024 - Statistiques

Statistiques générales
  • Ce quiz a été pris 16 fois
  • Le résultat moyen est 7 sur 20
Statistiques - réponses
Position Pays Représenté Coureur % Correct
2eme Suisse Stefan Kung
100%
1er Italie Edoardo Affini
81%
4eme Pays-Bas Dan Hoole
69%
6eme Belgique Victor Campenaerts
63%
12eme Suisse Stefan Bisseger
56%
15eme Portugal Ivo Oliveira
50%
3eme Italie Mattia Cattaneo
50%
8eme Danemark Kasper Asgreen
44%
9eme Norvège Soren Waerenskjold
44%
14eme Luxembourg Alex Kirsch
38%
7eme Allemagne Nils Politt
38%
11eme Danemark Mikkel Bjerg
31%
5eme Pays-Bas Thymen Arensman
19%
16eme Pologne Filip Maciejuk
13%
10eme Allemagne Max Walscheid
13%
18eme Luxembourg Athur Kluckers
6%
20eme Chypre Andreas Miltiadis
0%
19eme Serbie Ognjen Ilic
0%
13eme Espagne Raul Garcia Pena
0%
17eme Belgique Victor Vecouillie
0%
Aucun quiz correspondant
Distribution des résultats
% des personnes avec chaque résultat
Percentile par nombre de réponses
Votre historique - résultats
Vous n’avez pas pris ce quiz